000 01507nam a2200325 a 4500
003 CO-PeBPR
005 20260428144009.0
008 260415e2024 ck a|||| n||| 00| 0 spa c
020 _a9786287754379
040 0 _aCO-PeBPR
_bspa
_cCO-PeBPR
_erda
041 0 _hspa
082 0 4 _a(i) Co863 D111c
100 1 _aDa Coll, Ivar
_d1962
_eautor
_eilustrador
245 1 0 _aCarlos
_c/ texto e ilustraciones de Ivar Da Coll
250 _aEdición especial
264 1 _aBogotá, Colombia
_b: Macmillan
_c, 2024
300 _a[43] paginas sin enumerar
_b: ilustraciones a color
_c; 22 centímetros
336 _atexto
_btxt
_crdacontenido
337 _asin mediación
_bn
_2rdamedio
338 _avolumen
_bnc
_2rdasoporte
490 _aPlan Nacional de Lectura, Escritura y Oralidad / Ministerio de las Culturas, las Artes y los Saberes
520 _aCarlos disfruta mucho del tiempo que pasa en casa con sus papás y con su abuela, para quienes él es la prioridad. Sin embargo, la atención de la familia cambia de enfoque cuando la mamá anuncia que viene un hermanito en camino. Una historia sobre cómo el amor ayuda a entender los cambios que trae la vida. Tomado de la contracubierta del texto.
521 _aRecomendado para 0 a 7 años.
650 1 4 _2LEMB
_aCuentos infantiles colombianos
650 1 4 _2LEMB
_aLiteratura infantil colombiana
650 1 4 _2LEMB
_aHermanos y hermanas
650 1 4 _2LEMB
_aEmbarazo
_xCuentos infantiles
650 1 4 _2LEMB
_aFamilia
_xCuentos infantiles
942 _2ddc
_cBKINF
999 _c17807
_d17807